000 00581nam a22001937a 4500
005 20241224124428.0
010 _aENG-142231
020 _c999.00
_a9789393734778
035 _aEN-125763
037 _bExceller Books
037 _bDBAD
082 _a729.61450954
100 _aGupta, Arun
_975629
245 _aThe Treasures of the Sun God/
_cby Arun Gupta
260 _aKolkata
_bExceller Books
_c2024
270 _aG1 Dream Apartment, Degree College Road
_b Belgharia,Kolkata
300 _a471p.
_c21cm(pb)
942 _2ddc
_cEN
_mGUP
_h729.6.450954
999 _c207930
_d207930